| 000 | 00000nam 2200000za 4500 |
| 001 | 9.822149 |
| 003 | CaOODSP |
| 005 | 20221107143626 |
| 007 | cr ||||||||||| |
| 008 | 160808s1975 onc oz f000 0 eng d |
| 040 | |aCaOODSP|beng |
| 041 | |aeng|afre |
| 043 | |an-cn--- |
| 086 | 1 |aE3-1973/34-PDF|zE3-1973/34 |
| 245 | 00|aCommerce |h[electronic resource] : |bExchange of Letters between Canada and Australia constituting an Agreement modifying the Trade Agreement of February 12, 1960 (with annexes) = Commerce : Échange de lettres entre le Canada et l'Austalie constituant un Accord modifiant l'Accord de commerce du 12 février 1960 (avec les annexes). |
| 246 | 31|aCommerce : |bÉchange de lettres entre le Canada et l'Austalie constituant un Accord modifiant l'Accord de commerce du 12 février 1960 (avec les annexes) |
| 246 | 16|aExchange of Letters between the Government of Canada and the Government of Australia constituting an Agreement modifying the Trade Agreement of February 12, 1960 |
| 260 | |aOttawa : |bQueen's Printer = Imprimeur de la Reine, |cc1975. |
| 300 | |a19 p. |
| 490 | 1 |aTreaty series = Recueil des traités ; |v1973, no. 34 |
| 500 | |a"Ottawa and Canberra, October 24 and 25, 1973. In force October 25, 1973." |
| 530 | |aIssued also in printed form. |
| 546 | |aText in English and French. |
| 692 | 07|2gccst|aTrade agreements |
| 692 | 07|2gccst|aInternational agreements |
| 710 | 1 |aCanada. |bDepartment of External Affairs. |
| 792 | |tCommerce |efre|w(CaOODSP)9.822150 |
| 830 | #0|aTreaty series = Recueil des traités ;|v1973, no. 34|w(CaOODSP)9.813197 |
| 856 | 40|qPDF|s1.18 MB|uhttps://publications.gc.ca/collections/collection_2016/amc-gac/E3-1973-34.pdf |